The Community Sector Observatory : progress report /

Saved in:
Bibliographic Details
Main Author: Humm, Jayne
Corporate Authors: Community Development Foundation (Great Britain), Community Sector Observatory
Format: Book
Language:English
Published: London : Community Development Foundation, 1997.
Subjects:
LEADER 00954nam a2200253 a 4500
001 c000294721
003 CARM
005 20100215125333.0
008 100215s1997 enk s 000 0 eng d
019 1 |a 50075623  |5 LACONCORD2021 
035 |a (OCoLC)812549425  |5 LACONCORD2021 
040 |a VCAV  |c VCAV 
100 1 |a Humm, Jayne 
245 1 4 |a The Community Sector Observatory :  |b progress report /  |c Jayne Humm. 
246 3 |a Progress report 
260 |a London :  |b Community Development Foundation,  |c 1997. 
300 |a 10 p. ;  |c 30 cm. 
500 |a Contains statistics. 
610 2 0 |a Community Sector Observatory 
710 2 |a Community Development Foundation (Great Britain) 
710 2 |a Community Sector Observatory 
852 8 |b CARM  |h A3:AI05D0  |i F07660  |p 0554436  |f BK 
999 f f |i 17ab92b2-112b-50df-901b-332024f94444  |s 649ac8a0-9c36-5dac-862c-34fb714ad33d 
952 f f |p Can circulate  |a CAVAL  |b CAVAL  |c CAVAL  |d CARM 1 Store  |e F07660  |f A3:AI05D0  |h Other scheme  |i book  |m 0554436